000 00667nam a2200193 a 4500
001 000024373
005 20200930022945.0
008 110126s1967 sp r 000 0 spa d
040 _aDO-SdBNP
_bspa
_cBNPHU
082 _axxxxx
_bS782r
100 1 _aStalin, Svetlana
_949982
245 1 0 _aRusia, mi padre y yo :
_bveinte cartas a un amigo /
_cSvetlana Stalin ; traducción Augusto Vidal.
260 _aBarcelona :
_bPlaneta,
_c1967.
300 _a325 p. ;
_c22 cm.
504 _aIncluye referencias bibliográficas y notas al pie de las páginas.
534 _pTítulo original :
_tDvádtsat písem k drugu.
700 1 _aVidal, Augusto,
_etr.
_949983
049 _aBNGR
999 _c23866
_d23866